Missing Word: Daniel Craig Movies Quiz Stats

 Plays Quiz Updated Nov 23, 2012

Also try: Missing Word: 007
Challenge
Share
Tweet
Embed
Score 0/14 Timer 02:00
0 Plays Today
Title Missing Word % Correct
The Girl with the Dragon _____Tattoo
98.3%
Lara Croft: _____ RaiderTomb
96.5%
_____ RoyaleCasino
93.4%
Quantum of _____Solace
85.9%
_____ to PerditionRoad
85.2%
Cowboys & _____Aliens
83.4%
The Golden _____Compass
46.5%
Title Missing Word % Correct
Layer _____Cake
42.5%
A _____ in King Arthur's CourtKid
22.6%
Enduring _____Love
22.5%
Dream ____House
8%
I Dreamed of _____Africa
6.7%
_____ SplendideHotel
6.3%
Flashbacks of a _____Fool
5.7%

Today's Daily Dose

Missing Word
Entertainment 'L'

Word Ladder
Fingers

Quick Pick
When in Rome

On This Day
December 15th II

You're not logged in!

Compare scores with friends on all Sporcle quizzes.
OR
Log In

You Might Also Like...

Show Comments

Extras

Top Quizzes Today


Score Distribution

Your Account Isn't Verified!

In order to create a playlist on Sporcle, you need to verify the email address you used during registration. Go to your Sporcle Settings to finish the process.

Report this User

Report this user for behavior that violates our Community Guidelines.

Details: